00439cam a22001692 4500001001100000005001700011008004100028020001700069040001500086110005600101245002100157250001300178260002600191300001600217650003300233852000300266000000983020151217155218.0081201s xx 000 0 eng d a4902715651 : aKABUcKABU2 aJapan International Cooperation Agency.@000016159310aWater pollution. a 1st ed. aTokyo :bJICA,c2007. axv, 160 p. 0aWater pollution.@00001615941